| 000 | 00413nam a22001457a 4500 | ||
|---|---|---|---|
| 003 | MACL | ||
| 005 | 20190502150223.0 | ||
| 008 | 190502b xxu||||| |||| 00| 0 eng d | ||
| 040 | _cMACL | ||
| 100 |
_aभटट उदयशंकर _942982 |
||
| 245 | _aनहुष निपात | ||
| 260 |
_aदिल्ली _bआत्माराम _c1961 |
||
| 650 |
_aनाटक _974695 |
||
| 942 |
_2ddc _cHIN |
||
| 999 |
_c59634 _d59634 |
||